|
|
|
|
| LEADER |
01854nam a2200445 a 4500 |
| 001 |
EBC740107 |
| 003 |
MiAaPQ |
| 005 |
20200520144314.0 |
| 006 |
m o d | |
| 007 |
cr cn||||||||| |
| 008 |
110125s2011 mauab sb 001 0 eng d |
| 010 |
|
|
|z 2011003331
|
| 020 |
|
|
|z 9781845938437 (alk. paper)
|
| 020 |
|
|
|z 9781845938635 (pbk. : alk. paper)
|
| 020 |
|
|
|z 9789251066874 (fao pbk. : alk. paper)
|
| 020 |
|
|
|a 9781845938444 (electronic bk.)
|
| 035 |
|
|
|a (MiAaPQ)EBC740107
|
| 035 |
|
|
|a (Au-PeEL)EBL740107
|
| 035 |
|
|
|a (CaPaEBR)ebr10480969
|
| 035 |
|
|
|a (CaONFJC)MIL315580
|
| 035 |
|
|
|a (OCoLC)742413679
|
| 040 |
|
|
|a MiAaPQ
|c MiAaPQ
|d MiAaPQ
|
| 043 |
|
|
|a f------
|
| 050 |
|
4 |
|a HD9019.S432
|b A353 2011
|
| 082 |
0 |
4 |
|a 338.1/7
|2 22
|
| 245 |
0 |
0 |
|a African seed enterprises
|h [electronic resource] :
|b sowing the seeds of food security /
|c edited by Paul Van Mele, Jeffery W. Bentley, Robert G. Guei.
|
| 260 |
|
|
|a Cambridge, Mass. :
|b Published by the Food and Agriculture Organization of the United Nations and the Africa Rice Center by arrangement with CAB International,
|c 2011.
|
| 300 |
|
|
|a xvii, 236 p. :
|b col. ill., col. maps.
|
| 504 |
|
|
|a Includes bibliographical references and index.
|
| 533 |
|
|
|a Electronic reproduction. Ann Arbor, MI : ProQuest, 2015. Available via World Wide Web. Access may be limited to ProQuest affiliated libraries.
|
| 650 |
|
0 |
|a Seed industry and trade
|z Africa
|v Case studies.
|
| 650 |
|
0 |
|a Seeds
|x Economic aspects
|z Africa.
|
| 650 |
|
0 |
|a Seeds
|z Africa
|x Marketing.
|
| 650 |
|
0 |
|a Food crops
|x Seeds
|z Africa.
|
| 655 |
|
4 |
|a Electronic books.
|
| 700 |
1 |
|
|a Mele, Paul van.
|
| 700 |
1 |
|
|a Bentley, Jeffery W.
|q (Jeffery Westwood),
|d 1955-
|
| 700 |
1 |
|
|a Guei, Robert G.
|
| 710 |
2 |
|
|a ProQuest (Firm)
|
| 856 |
4 |
0 |
|u https://ebookcentral.proquest.com/lib/matrademy/detail.action?docID=740107
|z Click to View
|